[Event "GER-chT U20"]
[Site "Hamburg"]
[Date "2001.12.29"]
[Round "6.6"]
[White "Leicht, Alexander"]
[Black "Kouznetsova, Elena"]
[Result "0-1"]
[WhiteElo "1311"]
[BlackElo "2163"]
[PlyCount "166"]
[EventDate "2001.12.26"]
[EventType "team-tourn"]
[EventRounds "7"]
[EventCountry "GER"]
[SourceTitle "EXT 2003"]
[Source "ChessBase"]
[SourceDate "2002.11.25"]
[SourceVersion "1"]
[SourceVersionDate "2002.11.25"]
[SourceQuality "1"]

1. e4 c5 2. c4 Nc6 3. Ne2 Qb6 4. Nbc3 e6 5. g3 Ne5 6. Nf4 g6 7. Nd3 Nxd3+ 8. Bxd3 Bg7 9. Rb1 Ne7 10. 0-0 Qc6 11. Re1 d6 12. Bf1 b6 13. Qa4 Qxa4 14. Nxa4 Nc6 15. Bg2 Ne5 16. b3 Nd3 17. Re3 Nxc1 18. Rxc1 Rb8 19. Nc3 a6 20. Rb1 b5 21. cxb5 axb5 22. Ne2 Bb7 23. Rc1 Ra8 24. Rc2 Kd7 25. d3 Ra7 26. Nc1 Rha8 27. Ree2 Bd4 28. Bf3 f5 29. Kg2 Rf8 30. exf5 Bxf3+ 31. Kxf3 gxf5 32. Kg2 f4 33. f3 fxg3 34. hxg3 Rg8 35. Re1 b4 36. Ne2 Be5 37. Rh1 Rg7 38. f4 Bf6 39. Rh6 Ke7 40. Kf3 Kf7 41. Ke3 Rc7 42. Rc1 d5 43. Rh3 Ke7 44. Kf3 Kd6 45. Ke3 Ra7 46. Rc2 Rgc7 47. Rh6 Bg7 48. Rh5 Ra8 49. Rd2 Rca7 50. Nc1 Bc3 51. Rc2 Bg7 52. Rhh2 Re8 53. Kf3 h6 54. Rce2 Rf7 55. Rhf2 Ref8 56. Kg2 Bd4 57. Rf1 Kd7 58. Kh3 e5 59. Kg4 exf4 60. Rxf4 Rxf4+ 61. gxf4 Bg7 62. Rf2 Kd6 63. f5 Bd4 64. Rh2 Be3 65. Ne2 Rg8+ 66. Kf3 d4 67. Ke4 Re8+ 68. Kf3 Ke5 69. f6 Kxf6 70. Rh5 Re5 71. Rxe5 Kxe5 72. Kg4 Kf6 73. Nf4 Bxf4 74. Kxf4 Kg6 75. Kf3 h5 76. Kf4 Kh6 77. Kg3 Kg5 78. Kf3 h4 79. Kg2 Kg4 80. Kg1 Kg3 81. Kh1 h3 82. Kg1 h2+ 83. Kh1 Kh3 0-1

[Event "GER-chT U20"]
[Site "Hamburg"]
[Date "2001.12.27"]
[Round "2.6"]
[White "Slawtschew, Slavtscho"]
[Black "Leicht, Alexander"]
[Result "1-0"]
[WhiteElo "1531"]
[BlackElo "1311"]
[PlyCount "67"]
[EventDate "2001.12.26"]
[EventType "team-tourn"]
[EventRounds "7"]
[EventCountry "GER"]
[SourceTitle "EXT 2003"]
[Source "ChessBase"]
[SourceDate "2002.11.25"]
[SourceVersion "1"]
[SourceVersionDate "2002.11.25"]
[SourceQuality "1"]

1. e4 e6 2. d4 d5 3. Nd2 Nf6 4. e5 Nfd7 5. f4 c5 6. Ndf3 Nc6 7. c3 Be7 8. Bd3 Qb6 9. Ne2 cxd4 10. cxd4 Nb4 11. 0-0 Nf8 12. b3 Bd7 13. Ba3 a5 14. Qd2 Bb5 15. Bxb5+ Qxb5 16. Nc3 Qd3 17. Qxd3 Nxd3 18. Nb5 Kd7 19. Bxe7 Kxe7 20. Nd6 b6 21. Ng5 f6 22. Ngf7 Rg8 23. a3 Kd7 24. Rf3 fxe5 25. fxe5 Nc5 26. dxc5 bxc5 27. Rc1 Kc6 28. Ng5 Rb8 29. Rfc3 Nd7 30. Nf3 Nxe5 31. Nxe5+ Kxd6 32. Nd3 Rxb3 33. Rxb3 c4 34. Rb6+ 1-0